=LDR 00000nam 2200000 4500 =001 INLIS000000000027281 =005 20130612125652 =008 ***********************************ind** =035 ##$$0010-061300000027281 =041 ##$$a ind =082 ##$$a 78 =090 ##$$a 783, Ais =100 ##$$a Ais =245 ##$$a Nyanyian Rembulan, Ais =260 ##$$a 2006 $b Samawa =300 ##$$a viii,106 hlm, 20cm =650 ##$$a Nyanyian =850 ##$$a NBPNMAT